000 00646nam a2200205 i 4500
001 bgj
100 1 _aROSIŃSKA, Marta
245 1 0 _aForMat :
_bmagazine : workbook : intro : elementary /
_cMarta Rosińska ; series consultant Simon Greenall.
260 _aWarszawa :
_bMacmillan Polska,
_c2003.
300 _a104 pp :
_bill. ;
_c30 cm.
650 9 _aEnglish language
_xSecondary schools
_xMatura
_xElementary
655 _aTextbooks for foreigners
700 1 _aGREENALL, Simon.
_eco-author
020 _a8388554735
040 _cBPK
041 0 _aeng
920 _a83-88554-73-5
942 _cKS
008 s uk f |000 0 eng
999 _c49049
_d49049
856 _uhttp://koha.tu.koszalin.pl/cgi-bin/koha/opac-detail.pl?biblionumber=49049
_yKatalog online BPK